000 00633nam a2200217Ia 4500
005 20260415173414.0
008 008 250505s9999 xx 000 0 eng d
020 _a978-1-032-72587-1
037 _aTextBook
040 _aFEDL
_beng
_cFEDL
041 _aeng
_2eng
084 _a181.4 BHA/R
_qFEDL
100 _aBhattacharyya Krishnachandra
245 0 _aMaking of contemporary Indian philosophy
260 _aLondon, UK
_bRoutledge
_c2024
300 _axiii, 263p.
365 _aINR
_b175
490 _aRoutledge Hindu Studies; series
942 _cTB
_h181.4 BHA/R
999 _c1400101
_d1400101